Math for data science / (Record no. 51785)

MARC details
000 -LEADER
fixed length control field 00494nam a2200193Ia 4500
005 - DATE AND TIME OF LATEST TRANSACTION
control field 20260429112006.0
008 - FIXED-LENGTH DATA ELEMENTS--GENERAL INFORMATION
fixed length control field 260429s9999||||xx |||||||||||||| ||und||
020 ## - INTERNATIONAL STANDARD BOOK NUMBER
International Standard Book Number 9783031897061
041 ## - LANGUAGE CODE
Language English
082 ## - DEWEY DECIMAL CLASSIFICATION NUMBER
Classification number 005.70151
Item number HIJ
100 ## - MAIN ENTRY--PERSONAL NAME
Personal name Hijab, Omar
245 #0 - TITLE STATEMENT
Title Math for data science /
Statement of responsibility, etc Omar Hijab
260 ## - PUBLICATION, DISTRIBUTION, ETC. (IMPRINT)
Place of publication, distribution, etc Switzerland :
Name of publisher, distributor, etc Springer,
Date of publication, distribution, etc 2025.
300 ## - PHYSICAL DESCRIPTION
Extent xv, 575 p.; hb
650 ## - SUBJECT ADDED ENTRY--TOPICAL TERM
Topical term or geographic name as entry element Data science
650 ## - SUBJECT ADDED ENTRY--TOPICAL TERM
Topical term or geographic name as entry element Mathematics
650 ## - SUBJECT ADDED ENTRY--TOPICAL TERM
Topical term or geographic name as entry element Computer science
942 ## - ADDED ENTRY ELEMENTS (KOHA)
Koha item type Text Books
Holdings
Withdrawn status Lost status Damaged status Not for loan Collection code Home library Location Shelving location Date of Cataloging Source of acquisition Total Checkouts Full call number Barcode Date last seen Price effective from Koha item type
        Non-fiction CUTN Central Library CUTN Central Library Generalia 29/04/2026 Apollo Book Distributors, Bengaluru - Invoice No. 2025-2026/208 on 16-02-2026   005.70151 HIJ 56824 29/04/2026 29/04/2026 Text Books